[Event "Sparkassen-Open A"]
[Site "Heusenstamm, Martinsee"]
[Date "2019.11.23"]
[Round "5.114"]
[White "Krischak, Werner"]
[Black "Schmieder, Stefan"]
[Result "0-1"]
[WhiteElo "1684"]
[BlackElo "1847"]
[PlyCount "84"]
[EventDate "2019.??.??"]
[WhiteTeam "SK Marburg"]
[BlackTeam "vereinslos"]

1. d4 d5 2. c4 c6 3. Nf3 Nf6 4. Nc3 e6 5. e3 Nbd7 6. Bd3 dxc4 7. Bxc4 b5 8. Bd3
a6 9. O-O Bb7 10. Qe2 c5 11. b3 cxd4 12. exd4 Be7 13. Bb2 O-O 14. Rad1 Nb6 15.
Bb1 Nbd5 16. Ne4 Nf4 17. Nxf6+ Bxf6 18. Qe3 Nd5 19. Qe4 g6 20. Ne5 Qe7 21. Qg4
Rac8 22. Rc1 Bg7 23. Rfe1 Rfd8 24. h4 Qf6 25. g3 h5 26. Qe2 Bh6 27. Rc5 Bf8 28.
Rxc8 Bxc8 29. Bc1 Qg7 30. Kh2 Nc3 31. Qd3 Nxb1 32. Bb2 Na3 33. Re2 Rd5 34. Qc3
Bb7 35. Qc7 f6 36. Qb6 fxe5 37. Qxe6+ Qf7 38. Rxe5 Qxe6 39. Rxe6 Rd6 40. Re8 b4
41. Rb8 Rd7 42. d5 Kf7 0-1

[Event "Sparkassen-Open A"]
[Site "Heusenstamm, Martinsee"]
[Date "2019.11.23"]
[Round "5.115"]
[White "Rabiya, Karim"]
[Black "Niedenthal, Robert"]
[Result "1-0"]
[WhiteElo "1816"]
[BlackElo "1686"]
[PlyCount "65"]
[EventDate "2019.??.??"]
[WhiteTeam "SK Niederbrechen"]
[BlackTeam "SV Hofheim"]

1. e4 d5 2. exd5 Nf6 3. Nf3 Bg4 4. c4 c6 5. dxc6 Nxc6 6. Be2 e5 7. Nc3 Be7 8.
h3 Bh5 9. O-O Bg6 10. d3 O-O 11. Bg5 Qd7 12. Bxf6 Bxf6 13. Nd5 Bd8 14. d4 Qe6
15. dxe5 Nxe5 16. Re1 Re8 17. Qd2 Qc6 18. Nxe5 Rxe5 19. Bf3 Rxe1+ 20. Rxe1 Qa4
21. b3 Ba5 22. b4 Bd8 23. Bd1 Qc6 24. b5 Bg5 25. Qxg5 Qxc4 26. Bb3 Qd4 27. Ne7+
Kf8 28. Nxg6+ hxg6 29. Qe7+ Kg8 30. Bxf7+ Kh8 31. Re4 Qd1+ 32. Kh2 g5 33. Rh4+
1-0

[Event "Sparkassen-Open A"]
[Site "Heusenstamm, Martinsee"]
[Date "2019.11.23"]
[Round "5.116"]
[White "Emig, Nils"]
[Black "Baumann, Dennis"]
[Result "1-0"]
[WhiteElo "1815"]
[BlackElo "1664"]
[PlyCount "127"]
[EventDate "2019.??.??"]
[WhiteTeam "SK Marburg"]
[BlackTeam "SF Schöneck"]

1. e4 c5 2. Nf3 d6 3. d4 cxd4 4. Nxd4 Nf6 5. Nc3 a6 6. Be3 e5 7. Nb3 Be7 8. f3
h5 9. Qd2 Be6 10. O-O-O Nbd7 11. Kb1 b5 12. Bd3 b4 13. Ne2 a5 14. h3 h4 15.
Nbc1 d5 16. g4 hxg3 17. Nxg3 d4 18. Bg5 g6 19. f4 exf4 20. Bxf4 Nh5 21. Nxh5
Rxh5 22. Be2 Rh4 23. Bf3 Bf6 24. e5 Nxe5 25. Bxa8 Qxa8 26. Bxe5 Bxe5 27. Nd3
Qd5 28. b3 Bd6 29. Rde1 Kd7 30. Qe2 Rh5 31. Nb2 Re5 32. Qa6 Rxe1+ 33. Rxe1 Bc7
34. Na4 Qc6 35. Qa7 Kd6 36. Rd1 Bxh3 37. Qxd4+ Ke7 38. Re1+ Be6 39. Nc5 Bb6 40.
Qh4+ Kd6 41. Nxe6 fxe6 42. Rd1+ Kc7 43. Qg3+ Kb7 44. Qxg6 Bc7 45. Qd3 Kb6 46.
Re1 e5 47. Qe4 Qxe4 48. Rxe4 Kc5 49. Rc4+ Kb6 50. Kc1 Kb7 51. Kd2 Kb6 52. Kd3
Kb7 53. Ke4 Kb6 54. Kd5 Kb7 55. Rg4 Kb6 56. Rg6+ Kb7 57. Re6 Bb8 58. Re8 Bc7
59. Kc5 Bb6+ 60. Kb5 Bc7 61. Re7 Kc8 62. Kc6 Bd8 63. Re8 e4 64. Rxe4 1-0

[Event "Sparkassen-Open A"]
[Site "Heusenstamm, Martinsee"]
[Date "2019.11.23"]
[Round "5.117"]
[White "Herrmann, Gerhard"]
[Black "Biot, Thomas"]
[Result "0-1"]
[WhiteElo "1548"]
[BlackElo "1763"]
[PlyCount "66"]
[EventDate "2019.??.??"]
[WhiteTeam "SC Königsspringer Alzenau"]
[BlackTeam "CRELEL"]

1. e4 d5 2. exd5 Nf6 3. d4 Nxd5 4. c4 Nb6 5. Nf3 g6 6. c5 Nd5 7. Be2 Bg7 8. Be3
O-O 9. O-O b6 10. cxb6 cxb6 11. Nc3 Nxe3 12. fxe3 Bh6 13. e4 Bb7 14. d5 Nd7 15.
Nd4 Qc7 16. a4 Qe5 17. Nf3 Qc7 18. Qe1 f5 19. exf5 Rxf5 20. Rd1 Rh5 21. Bb5 Nf8
22. Bc6 Bxc6 23. dxc6 Qxc6 24. Qxe7 Re8 25. Qxa7 Ra5 26. Qxa5 bxa5 27. h3 Qb6+
28. Kh1 Qxb2 29. Nd5 Re2 30. Rg1 Be3 31. Nxe3 Rxe3 32. Rb1 Qa3 33. Rb7 Rxf3 0-1

[Event "Sparkassen-Open A"]
[Site "Heusenstamm, Martinsee"]
[Date "2019.11.23"]
[Round "5.118"]
[White "Wirth, Wolfram"]
[Black "Lysakovskyi, Oleh"]
[Result "0-1"]
[WhiteElo "1747"]
[BlackElo "1559"]
[PlyCount "48"]
[EventDate "2019.??.??"]
[WhiteTeam "SK Gau-Algesheim"]
[BlackTeam "SV Neu-Isenburg"]

1. e4 c5 2. Nf3 e6 3. d3 d5 4. exd5 exd5 5. g3 Nf6 6. Qe2+ Be7 7. Bg2 O-O 8.
O-O Nc6 9. Bf4 Qb6 10. c3 Re8 11. Qc2 Bf5 12. Nh4 Bd7 13. Nf3 Bf5 14. Re1 c4
15. Bf1 cxd3 16. Qb3 Bc5 17. Qxb6 Bxb6 18. Nbd2 Ng4 19. Kg2 Nxf2 20. Rac1 Bh3+
21. Kg1 Nd1+ 22. Kh1 Bxf1 23. Rcxd1 Be2 24. Rc1 Bf2 0-1

[Event "Sparkassen-Open A"]
[Site "Heusenstamm, Martinsee"]
[Date "2019.11.23"]
[Round "5.119"]
[White "Cristino, Gregory"]
[Black "Burkart, Lloyd Shang"]
[Result "1-0"]
[WhiteElo "1717"]
[BlackElo "1399"]
[PlyCount "59"]
[EventDate "2019.??.??"]
[WhiteTeam "T.A.L."]
[BlackTeam "TuS Makkabi"]

1. e4 c5 2. Nf3 e6 3. d4 cxd4 4. Nxd4 Nf6 5. Nc3 d6 6. Be3 a6 7. f3 b5 8. Qd2
Nbd7 9. O-O-O Bb7 10. g4 h6 11. h4 Rc8 12. Bd3 b4 13. Nce2 a5 14. g5 Ng8 15. g6
Qe7 16. gxf7+ Qxf7 17. Bb5 Ngf6 18. Ba4 Be7 19. Nb3 e5 20. Ng3 g6 21. Kb1 h5
22. Nxa5 Ba6 23. Nc6 Bf8 24. Nxb4 Rb8 25. Nxa6 Ra8 26. Nc7+ Ke7 27. Nxa8 Qe6
28. Bb3 d5 29. Nc7 Qb6 30. Bxb6 1-0

[Event "Sparkassen-Open A"]
[Site "Heusenstamm, Martinsee"]
[Date "2019.11.24"]
[Round "6.1"]
[White "Nasuta, Grzegorz"]
[Black "Kuzubov, Yuriy"]
[Result "0-1"]
[WhiteElo "2539"]
[BlackElo "2652"]
[PlyCount "64"]
[EventDate "2019.??.??"]
[WhiteTeam "Godesberger SK"]
[BlackTeam "Sfr. Bad Emstal/Wolfhagen"]

1. e4 c5 2. Nf3 Nc6 3. d4 cxd4 4. Nxd4 Nf6 5. Nc3 e5 6. Ndb5 d6 7. Bg5 a6 8.
Na3 b5 9. Nab1 Be7 10. Bxf6 Bxf6 11. a4 b4 12. Nd5 Be6 13. Bc4 O-O 14. O-O Bg5
15. Qd3 a5 16. c3 Rb8 17. Bb5 Na7 18. Rd1 f5 19. Bc4 fxe4 20. Qxe4 Kh8 21. b3
Nc6 22. Ra2 Qc8 23. Rb2 Bf5 24. Qe1 e4 25. cxb4 Nxb4 26. Nxb4 Rxb4 27. Nc3 Bf6
28. Rc2 e3 29. Re2 exf2+ 30. Rxf2 Bg4 31. Rxd6 Bxc3 32. Qe7 Rb8 0-1

[Event "Sparkassen-Open A"]
[Site "Heusenstamm, Martinsee"]
[Date "2019.11.24"]
[Round "6.2"]
[White "Hahn, Markus"]
[Black "Kunin, Vitaly"]
[Result "0-1"]
[WhiteElo "2291"]
[BlackElo "2549"]
[PlyCount "66"]
[EventDate "2019.??.??"]
[WhiteTeam "SVG Caissa Kassel"]
[BlackTeam "Freibauer Mörlenbach"]

1. d4 Nf6 2. c4 e6 3. Nf3 a6 4. g3 b5 5. b3 Bb7 6. Bg2 c5 7. O-O bxc4 8. Ba3
cxb3 9. Nc3 cxd4 10. Bxf8 Kxf8 11. Qxb3 Bxf3 12. Bxf3 Nc6 13. Bxc6 dxc6 14.
Qb4+ Kg8 15. Rfd1 e5 16. e3 Nd5 17. Nxd5 cxd5 18. exd4 e4 19. Rac1 h5 20. Rc5
Rh6 21. Qb7 Rd6 22. Rdc1 Rb8 23. Qa7 Rdb6 24. Kg2 Qf6 25. Qd7 Rb2 26. R1c2 Qf3+
27. Kh3 Rxc2 28. Rxc2 e3 29. fxe3 g5 30. Qc7 Qf1+ 31. Rg2 Qf5+ 32. g4 Qf3+ 33.
Qg3 hxg4# 0-1

[Event "Sparkassen-Open A"]
[Site "Heusenstamm, Martinsee"]
[Date "2019.11.24"]
[Round "6.3"]
[White "Enchev, Ivajlo"]
[Black "Spitzl, Vinzent"]
[Result "1/2-1/2"]
[WhiteElo "2487"]
[BlackElo "2307"]
[PlyCount "83"]
[EventDate "2019.??.??"]
[WhiteTeam "vereinslos"]
[BlackTeam "SV Griesheim"]

1. Nf3 Nf6 2. d4 d5 3. c4 e6 4. Nc3 Bb4 5. Qa4+ Nc6 6. e3 O-O 7. Bd2 Re8 8. a3
Bf8 9. Rd1 h6 10. Be2 a6 11. Bc1 Bd7 12. Qc2 dxc4 13. Bxc4 b5 14. Be2 e5 15. d5
Na5 16. b4 Nb7 17. e4 Bd6 18. O-O Qe7 19. Nd2 Rac8 20. Bb2 c6 21. dxc6 Rxc6 22.
Qb3 Bb8 23. Rfe1 Nd6 24. Nd5 Qe6 25. Bf3 Rd8 26. Re3 Kf8 27. Rd3 Nc4 28. Bc3
Bd6 29. Qa2 Be8 30. Nxf6 Qxf6 31. Nxc4 Rxc4 32. Qb2 Rc6 33. Bg4 Bd7 34. Qe2 Be6
35. Bxe6 Qxe6 36. Qd2 Rdc8 37. h3 Be7 38. Qe3 Bg5 39. Qf3 Qf6 40. Qxf6 Bxf6 41.
Bd2 Bg5 42. Bxg5 1/2-1/2

[Event "Sparkassen-Open A"]
[Site "Heusenstamm, Martinsee"]
[Date "2019.11.24"]
[Round "6.5"]
[White "Schmittdiel, Eckhard"]
[Black "Euler, Gerd"]
[Result "1/2-1/2"]
[WhiteElo "2412"]
[BlackElo "2270"]
[PlyCount "73"]
[EventDate "2019.??.??"]
[WhiteTeam "BCA Augsburg"]
[BlackTeam "SSG Hungen-Lich"]

1. Nf3 b6 2. e4 Bb7 3. Nc3 e6 4. d4 Bb4 5. Bd3 Nf6 6. e5 Ne4 7. Bxe4 Bxe4 8.
O-O Bg6 9. a3 Bxc3 10. bxc3 Nc6 11. c4 d5 12. exd6 Qxd6 13. a4 O-O-O 14. c3 Na5
15. c5 Qd5 16. cxb6 axb6 17. Ne5 f6 18. Nxg6 hxg6 19. Re1 Rh4 20. Qe2 Rdh8 21.
h3 Kd7 22. Rb1 Qf5 23. Rb5 Rxh3 24. f3 Rh1+ 25. Kf2 Rxe1 26. Kxe1 e5 27. dxe5
Rh1+ 28. Kf2 Qe6 29. Be3 fxe5 30. Qd3+ Kc8 31. Qe4 Nc6 32. c4 Qd6 33. Qd5 Qf6
34. Qe4 Qd6 35. Qd5 Qf6 36. Qe4 Rh4 37. Qd5 1/2-1/2

[Event "Sparkassen-Open A"]
[Site "Heusenstamm, Martinsee"]
[Date "2019.11.24"]
[Round "6.6"]
[White "Grabowski, Pawel"]
[Black "Gutman, Lev"]
[Result "0-1"]
[WhiteElo "2271"]
[BlackElo "2407"]
[PlyCount "58"]
[EventDate "2019.??.??"]
[WhiteTeam "Godesberger SK"]
[BlackTeam "SV Lingen"]

1. d4 Nf6 2. Nf3 g6 3. c4 Bg7 4. Nc3 d5 5. cxd5 Nxd5 6. e4 Nxc3 7. bxc3 c5 8.
Be3 Qa5 9. Qd2 Nd7 10. Rc1 O-O 11. Bd3 Nb6 12. O-O Bg4 13. Rfd1 Na4 14. h3 Bxf3
15. gxf3 Rac8 16. e5 cxd4 17. cxd4 Qxd2 18. Bxd2 Nb2 19. Be4 Nxd1 20. Rxd1 Rc7
21. f4 f6 22. Be3 b6 23. Kg2 Bh6 24. Kg3 Rd8 25. e6 f5 26. Bf3 Bg7 27. d5 Rd6
28. Bc1 Rc3 29. Bb2 Rxf3+ 0-1

[Event "Sparkassen-Open A"]
[Site "Heusenstamm, Martinsee"]
[Date "2019.11.24"]
[Round "6.7"]
[White "Thinius, Marco"]
[Black "Baltic, Fatih"]
[Result "1-0"]
[WhiteElo "2398"]
[BlackElo "2238"]
[PlyCount "71"]
[EventDate "2019.??.??"]
[WhiteTeam "SV Empor Berlin"]
[BlackTeam "SV Mülheim-Nord"]

1. Nf3 Nf6 2. c4 e6 3. g3 d5 4. Bg2 dxc4 5. O-O a6 6. Qc2 Bd6 7. Qxc4 b5 8. Qc2
Bb7 9. d3 O-O 10. Nc3 c5 11. a4 b4 12. Nb1 Nc6 13. Nbd2 Nd5 14. Nc4 a5 15. Bg5
f6 16. Be3 Nxe3 17. fxe3 Be7 18. Nfd2 Qc7 19. Nb3 Rfc8 20. Rac1 h5 21. Ncd2 Ne5
22. Bxb7 Qxb7 23. Nc4 Ng4 24. e4 Qc7 25. Qd2 Bd6 26. Rf3 Ra6 27. Kg2 Qd7 28. h3
Qxa4 29. Nbxa5 Nh6 30. Nxd6 Rxd6 31. Nc4 Rd4 32. Nb6 Qc6 33. Nxc8 Qxc8 34. Rxf6
gxf6 35. Qxh6 f5 36. Qg6+ 1-0

[Event "Sparkassen-Open A"]
[Site "Heusenstamm, Martinsee"]
[Date "2019.11.24"]
[Round "6.8"]
[White "Odendahl, Reiner"]
[Black "Browning, Alex"]
[Result "0-1"]
[WhiteElo "2351"]
[BlackElo "2264"]
[PlyCount "84"]
[EventDate "2019.??.??"]
[WhiteTeam "Elberfelder SG"]
[BlackTeam "SVG Plettenberg"]

1. d4 Nf6 2. Bg5 Ne4 3. Bf4 c5 4. f3 Nf6 5. dxc5 b6 6. e4 bxc5 7. Nc3 Nc6 8.
Bc4 a6 9. Nge2 e6 10. a3 d6 11. Qd2 Be7 12. Rd1 Ne5 13. Ba2 Qb6 14. Rb1 O-O 15.
O-O Bd7 16. Kh1 Rab8 17. Be3 Qc7 18. f4 Neg4 19. Bg1 Bc6 20. h3 Nh6 21. Ng3
Rfd8 22. Qe2 d5 23. e5 Ne4 24. Ncxe4 dxe4 25. Bh2 Qa5 26. Nxe4 Rd4 27. Nc3 Rbd8
28. Rbd1 Nf5 29. Rxd4 cxd4 30. Nd1 Ne3 31. Rg1 Qb6 32. c4 dxc3 33. Nxc3 Qd4 34.
Bg3 Bc5 35. Bf2 Qxf4 36. Bxe3 Bxe3 37. Rd1 Rd4 38. Rxd4 Bxd4 39. Bc4 Bxe5 40.
Kg1 Bd4+ 41. Kh1 Be5 42. Kg1 Qh2+ 0-1

[Event "Sparkassen-Open A"]
[Site "Heusenstamm, Martinsee"]
[Date "2019.11.24"]
[Round "6.9"]
[White "Vakulenko, Oleksandr"]
[Black "Farmani Anosheh, Armin"]
[Result "0-1"]
[WhiteElo "2250"]
[BlackElo "2344"]
[PlyCount "64"]
[EventDate "2019.??.??"]
[WhiteTeam "Gambit Kiew"]
[BlackTeam "SK Ladenburg"]

1. d4 Nf6 2. c4 e6 3. Nc3 Bb4 4. e3 O-O 5. Nge2 c6 6. a3 Ba5 7. b4 Bc7 8. c5 d6
9. cxd6 Qxd6 10. g3 e5 11. Bg2 Re8 12. Bb2 e4 13. Qc2 Bf5 14. O-O Nbd7 15. b5
Nb6 16. Rfe1 Rac8 17. a4 h5 18. Ba3 Qd7 19. Bc5 h4 20. bxc6 bxc6 21. Na2 Bh3
22. Bh1 Nbd5 23. Nec3 Qf5 24. Nb4 Nxc3 25. Qxc3 Ng4 26. Qd2 Re6 27. Na6 Nxh2
28. Kxh2 hxg3+ 29. fxg3 Bxg3+ 30. Kxg3 Rg6+ 31. Kh2 Qh5 32. Bg2 Bxg2+ 0-1

[Event "Sparkassen-Open A"]
[Site "Heusenstamm, Martinsee"]
[Date "2019.11.24"]
[Round "6.10"]
[White "Abel, Thomas"]
[Black "van der Valk, Niklas"]
[Result "1/2-1/2"]
[WhiteElo "2342"]
[BlackElo "2133"]
[PlyCount "76"]
[EventDate "2019.??.??"]
[WhiteTeam "vereinslos"]
[BlackTeam "SG Trier"]

1. d4 Nf6 2. c4 e6 3. Nf3 Bb4+ 4. Nbd2 O-O 5. g3 b6 6. Bg2 Bb7 7. O-O d5 8. Ne5
Nbd7 9. cxd5 exd5 10. Ndf3 Nxe5 11. Nxe5 Bd6 12. Bg5 Re8 13. Nd3 h6 14. Bf4 c5
15. dxc5 bxc5 16. Bxd6 Qxd6 17. Rc1 c4 18. Ne1 Qb6 19. Nf3 Rab8 20. Rc2 Bc6 21.
Qc1 Ne4 22. Nd2 Nd6 23. e3 Ba4 24. b3 cxb3 25. axb3 Bb5 26. Rd1 d4 27. exd4 Be2
28. Re1 Qxd4 29. Qa1 Qb4 30. Qxa7 Bd3 31. Rxe8+ Rxe8 32. Qc5 Re1+ 33. Nf1 Qxb3
34. Rc1 Rxc1 35. Qxc1 Qb1 36. Qc7 Nc4 37. Qc8+ Kh7 38. Qb7 Qxb7 1/2-1/2

[Event "Sparkassen-Open A"]
[Site "Heusenstamm, Martinsee"]
[Date "2019.11.24"]
[Round "6.11"]
[White "Spilles, Matthias"]
[Black "Krastev, Alexander"]
[Result "0-1"]
[WhiteElo "2074"]
[BlackElo "2330"]
[PlyCount "110"]
[EventDate "2019.??.??"]
[WhiteTeam "Brühler SK"]
[BlackTeam "Biebertaler SF"]

1. e4 c5 2. Nf3 g6 3. d4 Bg7 4. Nc3 cxd4 5. Nxd4 Nc6 6. Be3 Nf6 7. Bc4 O-O 8.
Bb3 Re8 9. Nxc6 dxc6 10. Qxd8 Rxd8 11. a4 Ng4 12. Bg5 h6 13. Bxe7 Bxc3+ 14.
bxc3 Re8 15. Ba3 Rxe4+ 16. Kf1 Re8 17. f3 Ne3+ 18. Kf2 Bf5 19. Bc1 Nd5 20. Bxh6
Nxc3 21. Rae1 Be6 22. Bxe6 Rxe6 23. Rxe6 fxe6 24. a5 Rd8 25. Be3 Rd5 26. Ra1 a6
27. Ra3 Nb5 28. Rb3 Nd6 29. Ra3 Rb5 30. Bd4 e5 31. Bb6 Nc4 32. Rb3 Nxb6 33.
axb6 Kf7 34. Ke3 Ke6 35. Ke4 Rd5 36. Rd3 Rc5 37. Rd8 Rc4+ 38. Kd3 Rb4 39. Re8+
Kf6 40. Rf8+ Ke7 41. Rb8 Rxb6 42. Ke4 Kd6 43. Rg8 Rb4+ 44. Kd3 Rh4 45. Rxg6+
Kd5 46. h3 b5 47. Rg4 Rxg4 48. hxg4 a5 49. c4+ bxc4+ 50. Kc3 c5 51. g5 a4 52.
g3 a3 53. f4 e4 54. g4 e3 55. g6 e2 0-1

[Event "Sparkassen-Open A"]
[Site "Heusenstamm, Martinsee"]
[Date "2019.11.24"]
[Round "6.12"]
[White "Chandler, Patrick"]
[Black "Klundt, Klaus"]
[Result "0-1"]
[WhiteElo "2124"]
[BlackElo "2297"]
[PlyCount "64"]
[EventDate "2019.??.??"]
[WhiteTeam "SC Nied"]
[BlackTeam "SC Heusenstamm"]

1. b4 e5 2. Bb2 Nf6 3. a3 a5 4. b5 Bc5 5. e3 Qe7 6. d3 O-O 7. Nd2 d6 8. Be2
Nbd7 9. Ngf3 Re8 10. O-O Nf8 11. Nb3 Bb6 12. a4 Bg4 13. Nfd2 Bxe2 14. Qxe2 d5
15. Ba3 Qe6 16. c4 c6 17. Rfc1 N8d7 18. Rab1 cxb5 19. cxb5 Rec8 20. h3 h6 21.
Qd1 Qf5 22. Nf3 g5 23. Nh2 h5 24. Rc2 Kg7 25. Rbc1 Rxc2 26. Qxc2 g4 27. d4 Qg5
28. hxg4 hxg4 29. Bd6 Ne4 30. dxe5 Bxe3 31. Nxg4 Bxc1 32. Qxc1 Qxc1+ 0-1

[Event "Sparkassen-Open A"]
[Site "Heusenstamm, Martinsee"]
[Date "2019.11.24"]
[Round "6.13"]
[White "Nikolov, Momchil"]
[Black "Kather, Yannick"]
[Result "1-0"]
[WhiteElo "2559"]
[BlackElo "2137"]
[PlyCount "71"]
[EventDate "2019.??.??"]
[WhiteTeam "vereinslos"]
[BlackTeam "SW Lichtenrade"]

1. e4 c5 2. Nf3 Nc6 3. d4 cxd4 4. Nxd4 g6 5. c4 Nf6 6. Nc3 d6 7. Be2 Nxd4 8.
Qxd4 Bg7 9. Bg5 O-O 10. Qd2 a5 11. O-O a4 12. Rab1 Qa5 13. b4 axb3 14. axb3 Be6
15. Rfc1 Rfc8 16. f3 Qb4 17. Kh1 h5 18. Bd3 Ra3 19. Qc2 Qc5 20. Bh4 g5 21. Bf2
Qa5 22. Be1 Qd8 23. Bd2 g4 24. f4 Qb6 25. Na4 Qa7 26. Bb4 Rxa4 27. bxa4 g3 28.
h3 Bh6 29. Rf1 h4 30. Qe2 Qd4 31. Rbc1 Bd7 32. a5 e5 33. Bc3 Qc5 34. Rb1 Nh7
35. fxe5 dxe5 36. Qh5 1-0

[Event "Sparkassen-Open A"]
[Site "Heusenstamm, Martinsee"]
[Date "2019.11.24"]
[Round "6.14"]
[White "Villwock, Martin"]
[Black "Nothnagel, Marian Can"]
[Result "0-1"]
[WhiteElo "2110"]
[BlackElo "2364"]
[PlyCount "78"]
[EventDate "2019.??.??"]
[WhiteTeam "SF Essen-Katernberg"]
[BlackTeam "SV Griesheim"]

1. e4 e5 2. Nf3 d6 3. d4 exd4 4. Nxd4 Nf6 5. Nc3 Be7 6. Qf3 O-O 7. Nf5 Bxf5 8.
Qxf5 c6 9. Be3 Nbd7 10. Be2 b5 11. a3 a5 12. O-O b4 13. axb4 axb4 14. Na4 Ra5
15. Qf3 Qa8 16. b3 c5 17. Bg5 Re8 18. Qh3 Qxe4 19. Bd3 Qc6 20. Rae1 Nf8 21. Re3
Bd8 22. Nb2 Rxe3 23. fxe3 d5 24. Qf3 Qd6 25. Kh1 Ra2 26. Nd1 Ra1 27. g4 Qe6 28.
Bf5 Qe5 29. Bf4 Qe8 30. Bd6 g6 31. g5 Ne4 32. Bxe4 dxe4 33. Qf4 Nd7 34. h4 Qe6
35. Kh2 Rc1 36. Kg3 f6 37. Bxc5 Nxc5 38. Qb8 Qe5+ 39. Qxe5 fxe5 0-1

[Event "Sparkassen-Open A"]
[Site "Heusenstamm, Martinsee"]
[Date "2019.11.24"]
[Round "6.15"]
[White "Schulze, Lara"]
[Black "Rempeli, Alex"]
[Result "1/2-1/2"]
[WhiteElo "2326"]
[BlackElo "2076"]
[PlyCount "85"]
[EventDate "2019.??.??"]
[WhiteTeam "SK Lehrte"]
[BlackTeam "SF Deizisau"]

1. e4 e6 2. d4 d5 3. Nd2 c5 4. exd5 exd5 5. Ngf3 Nc6 6. Bb5 Qe7+ 7. Be2 Qc7 8.
O-O Nf6 9. Re1 Be6 10. Bd3 Be7 11. dxc5 Bxc5 12. Nb3 Bb6 13. Bg5 Ng4 14. Bh4
Qf4 15. Bg3 Qf6 16. a4 a6 17. a5 Ba7 18. Ra4 Nh6 19. c3 g5 20. Qd2 Rg8 21. Nfd4
Nxd4 22. Nxd4 O-O-O 23. Qe2 Bg4 24. Qc2 Rge8 25. Raa1 Bb8 26. b4 Bxg3 27. hxg3
Rxe1+ 28. Rxe1 Bd7 29. b5 axb5 30. Nxb5 Ng4 31. a6 Qh6 32. Rb1 Qh2+ 33. Kf1
Bxb5 34. Bxb5 Qh1+ 35. Ke2 Qh5 36. Qf5+ Kb8 37. f3 Qh2 38. Qxg4 Qxg2+ 39. Kd3
d4 40. cxd4 Qa2 41. a7+ Ka8 42. Rb4 Qa3+ 43. Kc4 1/2-1/2

[Event "Sparkassen-Open A"]
[Site "Heusenstamm, Martinsee"]
[Date "2019.11.24"]
[Round "6.16"]
[White "Ochs, Daniel Elias"]
[Black "Podat, Vladimir"]
[Result "0-1"]
[WhiteElo "2055"]
[BlackElo "2321"]
[PlyCount "76"]
[EventDate "2019.??.??"]
[WhiteTeam "Wiesbadener SV"]
[BlackTeam "SC Untergrombach"]

1. d4 d5 2. c4 c6 3. Nf3 Nf6 4. e3 e6 5. Nc3 Nbd7 6. Qc2 Bd6 7. Bd3 O-O 8. O-O
dxc4 9. Bxc4 e5 10. Ne2 e4 11. Ng5 Nb6 12. Bb3 Ng4 13. f4 Nd5 14. Qxe4 g6 15.
h3 Re8 16. Qf3 Ngxe3 17. Bxe3 Rxe3 18. Qf2 Re7 19. Bxd5 cxd5 20. Nc3 h6 21.
Nxd5 hxg5 22. Nxe7+ Qxe7 23. Rae1 Be6 24. Kh1 Qc7 25. Rc1 Qd8 26. d5 Bxd5 27.
Qd4 Be6 28. Rcd1 Be7 29. Qe5 Qb8 30. Qe4 gxf4 31. Rxf4 Qc7 32. Rdf1 Rd8 33. Qf3
Bg5 34. Rb4 b6 35. Rb5 Be7 36. Re1 Bc5 37. b4 a6 38. bxc5 axb5 0-1

[Event "Sparkassen-Open A"]
[Site "Heusenstamm, Martinsee"]
[Date "2019.11.24"]
[Round "6.17"]
[White "Köllner, Ruben Gideon"]
[Black "Bagrationi, Alexander"]
[Result "1/2-1/2"]
[WhiteElo "2268"]
[BlackElo "2500"]
[PlyCount "108"]
[EventDate "2019.??.??"]
[WhiteTeam "SF Deizisau"]
[BlackTeam "vereinslos"]

1. d4 g6 2. Nf3 Bg7 3. e4 c6 4. Nbd2 d5 5. c3 Nh6 6. Bd3 f6 7. c4 e6 8. b3 O-O
9. Bb2 Nf7 10. Qc2 Na6 11. a3 c5 12. cxd5 exd5 13. dxc5 dxe4 14. Bxe4 Qe7 15.
O-O Nxc5 16. Rfe1 Nxe4 17. Nxe4 Bf5 18. Qc4 b5 19. Qd4 Bxe4 20. Rxe4 Qd6 21.
Qxd6 Nxd6 22. Re6 Rad8 23. Rd1 Nb7 24. Rc1 Rd3 25. Re7 Rf7 26. Rxf7 Kxf7 27.
Rc7+ Kg8 28. h3 Rxb3 29. Rc8+ Bf8 30. Bxf6 Nd6 31. Ra8 Kf7 32. Bd4 Rxa3 33.
Ne5+ Ke7 34. Nc6+ Ke6 35. Rxf8 Kd5 36. Bb2 Rb3 37. Ne7+ Ke6 38. Bf6 Ne4 39. Ng8
Rb1+ 40. Kh2 Nxf2 41. Bg7 Rh1+ 42. Kg3 Ne4+ 43. Kf4 Nd6 44. Ra8 Rf1+ 45. Ke3 b4
46. Nh6 b3 47. Rxa7 Rg1 48. Ra6 Kd5 49. Kf2 Rc1 50. Rb6 Rc7 51. Bh8 Rc8 52.
Rxb3 Rxh8 53. Rd3+ Ke5 54. Ng4+ Ke6 1/2-1/2

[Event "Sparkassen-Open A"]
[Site "Heusenstamm, Martinsee"]
[Date "2019.11.24"]
[Round "6.18"]
[White "Barzen, Pascal"]
[Black "Lesny, Florian"]
[Result "1-0"]
[WhiteElo "2312"]
[BlackElo "2138"]
[PlyCount "65"]
[EventDate "2019.??.??"]
[WhiteTeam "SG Trier"]
[BlackTeam "SK Niederbrechen"]

1. e4 c5 2. Nf3 d6 3. d4 cxd4 4. Nxd4 Nf6 5. Nc3 a6 6. Bg5 e6 7. Qf3 Be7 8.
O-O-O Nbd7 9. g4 Qc7 10. Bd2 Ne5 11. Qe2 Nc6 12. Nb3 b5 13. g5 Nd7 14. Nd5 exd5
15. exd5 Nce5 16. f4 Nc4 17. Bc3 Rg8 18. Qe4 Bb7 19. Bh3 Ncb6 20. Rhe1 O-O-O
21. Qxe7 Nxd5 22. Ba5 Nxe7 23. Bxc7 Kxc7 24. Rxe7 Rgf8 25. Rd3 Bc8 26. Rc3+ Kb7
27. Na5+ Kb6 28. b4 Rde8 29. Rc6+ Ka7 30. Rc7+ Kb8 31. Rexd7 Bxd7 32. Rxd7 Re2
33. Nc6+ 1-0

[Event "Sparkassen-Open A"]
[Site "Heusenstamm, Martinsee"]
[Date "2019.11.24"]
[Round "6.19"]
[White "Zuferi, Enis"]
[Black "Bakiev, Diyor"]
[Result "1-0"]
[WhiteElo "2290"]
[BlackElo "2084"]
[PlyCount "119"]
[EventDate "2019.??.??"]
[WhiteTeam "Heilbronner SV"]
[BlackTeam "Wiesbadener SV"]

1. Nf3 d5 2. g3 Nf6 3. Bg2 c5 4. O-O Nc6 5. d4 e6 6. c4 dxc4 7. Qa4 cxd4 8.
Nxd4 Qxd4 9. Bxc6+ Bd7 10. Bxd7+ Qxd7 11. Qxc4 Be7 12. Nc3 Rc8 13. Qb3 O-O 14.
Bf4 b6 15. Rac1 Qb7 16. Qa4 a6 17. Qb3 Nd7 18. Be3 b5 19. Rcd1 Rfd8 20. Rd3 Nc5
21. Rxd8+ Rxd8 22. Bxc5 Bxc5 23. Rd1 Rxd1+ 24. Qxd1 Qc7 25. a4 b4 26. Ne4 Be7
27. b3 h6 28. Nd2 Qc3 29. Nc4 Bf6 30. Kg2 Qd4 31. Qxd4 Bxd4 32. e3 Bc5 33. Kf3
Kf8 34. Ne5 Ke7 35. Nd3 Bd6 36. Ke4 Kd7 37. Kd4 a5 38. Ne5+ Bxe5+ 39. Kxe5 Ke7
40. e4 f6+ 41. Kd4 Kd6 42. e5+ Kc6 43. exf6 gxf6 44. g4 Kd6 45. f3 f5 46. gxf5
exf5 47. f4 h5 48. h4 Kc6 49. Ke5 Kc5 50. Kxf5 Kd4 51. Kg5 Kc3 52. f5 Kxb3 53.
f6 Kxa4 54. f7 b3 55. f8=Q b2 56. Qf1 Ka3 57. Qd3+ Ka4 58. Qd4+ Kb3 59. Qb6+
Kc2 60. Qxa5 1-0

[Event "Sparkassen-Open A"]
[Site "Heusenstamm, Martinsee"]
[Date "2019.11.24"]
[Round "6.20"]
[White "Hinrichs, Paul"]
[Black "Weber, Samuel"]
[Result "1-0"]
[WhiteElo "2104"]
[BlackElo "2291"]
[PlyCount "95"]
[EventDate "2019.??.??"]
[WhiteTeam "SK Bingen"]
[BlackTeam "SV Oberursel"]

1. d4 Nf6 2. c4 c5 3. d5 g6 4. Nc3 Bg7 5. g3 O-O 6. Bg2 d6 7. e4 e6 8. Nge2
exd5 9. cxd5 Re8 10. O-O a6 11. a4 Nbd7 12. Qc2 Rb8 13. Rb1 c4 14. Be3 Qc7 15.
b4 Ne5 16. a5 Bd7 17. f4 Nd3 18. Bb6 Qc8 19. Nc1 Nh5 20. Qd2 f5 21. Nxd3 cxd3
22. Rbc1 Qc4 23. Nd1 Qb3 24. Rc7 Bb5 25. Nf2 Nf6 26. Bd4 Bh8 27. exf5 Ne4 28.
Bxe4 Bxd4 29. Re1 gxf5 30. Bxf5 Qxd5 31. Bxh7+ Kh8 32. Rce7 Rxe7 33. Rxe7 Rc8
34. Be4 Qb3 35. f5 Bxf2+ 36. Kg2 Be3 37. Qxe3 Qb2+ 38. Kh3 Qf6 39. Re6 Qg7 40.
Rh6+ Kg8 41. Rg6 d2 42. Bd5+ Kf8 43. Rxg7 Bf1+ 44. Kh4 Kxg7 45. Qe7+ Kh8 46.
Qf6+ Kh7 47. Qg6+ Kh8 48. Qh6# 1-0